Mi pais : (Record no. 28765)
[ view plain ]
| 000 -LEADER | |
|---|---|
| campo de control de longitud fija | 00440nam a22001817a 4500 |
| 001 - NÚMERO DE CONTROL | |
| campo de control | 00028730 |
| 008 - DATOS DE LONGITUD FIJA--INFORMACIÓN GENERAL | |
| campo de control de longitud fija | 260408b ag ||||| |||| 00| 0 spa d |
| 020 ## - NÚMERO INTERNACIONAL ESTÁNDAR DEL LIBRO | |
| Número Internacional Estándar del Libro | 845993442 |
| 040 ## - FUENTE DE CATALOGACIÓN | |
| Lengua de catalogación | Español; Castellano |
| Centro/agencia transcriptor | AR-CcCEOS |
| 080 ## - NÚMERO DE LA CLASIFICACIÓN DECIMAL UNIVERSAL | |
| Número de la Clasificación Decimal Universal | 94(82) |
| 090 ## - LOCALMENTE ASIGNADO TIPO-LC NÚMERO DE CLASIFICACIÓN (OCLC); NÚMERO DE CLASIFICACIÓN LOCAL (RLIN) | |
| Número cutter local (OCLC) ; Número de libro/Signatura topográfica íntegra, CALL (RLIN) | PAI |
| 245 ## - MENCIÓN DEL TÍTULO | |
| Título | Mi pais : |
| Resto del título | La Argentina |
| 260 ## - PUBLICACIÓN, DISTRIBUCIÓN, ETC. | |
| Lugar de publicación, distribución, etc. | Argentina : |
| Nombre del editor, distribuidor, etc. | Cases i Associats, |
| Fecha de publicación, distribución, etc. | c1995. |
| 300 ## - DESCRIPCIÓN FÍSICA | |
| Extensión | 463 p. ; |
| Dimensiones | 32x25 cm. |
| 650 #0 - PUNTO DE ACCESO ADICIONAL DE MATERIA--TÉRMINO DE MATERIA | |
| Término de materia o nombre geográfico como elemento de entrada | historia |
| 942 ## - ELEMENTOS DE ENTRADA SECUNDARIOS (KOHA) | |
| Fuente de la clasificación o esquema de estantería | Clasificación decimal universal |
| Tipo de ítem Koha | Libros |
| 945 ## - | |
| -- | 66467 |
| -- | Melina Rolando |
| -- | 66467 |
| -- | Melina Rolando |
| Estatus retirado | Estado de pérdida | Fuente de la clasificación o esquema de estantería | Estado de daño | No para préstamo | Colección | Biblioteca de origen | Biblioteca actual | Fecha de adquisición | Fuente de adquisición | Número de inventario | Total de préstamos | Signatura topográfica completa | Código de barras | Visto por última vez | Precio de reemplazo | Tipo de ítem Koha |
|---|---|---|---|---|---|---|---|---|---|---|---|---|---|---|---|---|
| Clasificación decimal universal | SER | Biblioteca Julio Serebrinsky | Biblioteca Julio Serebrinsky | 08/04/2026 | Donación | 46356 | 94(82) | 46356 | 08/04/2026 | 08/04/2026 | Libros |